伦理学导论: (Record no. 31334)
[ view plain ]
| 000 -LEADER | |
|---|---|
| fixed length control field | 00627nam a2200217Ia 4500 |
| 008 - FIXED-LENGTH DATA ELEMENTS--GENERAL INFORMATION | |
| fixed length control field | 201124s9999||||xx |||||||||||||| ||und|| |
| 020 ## - INTERNATIONAL STANDARD BOOK NUMBER | |
| International Standard Book Number | 7303182608 |
| 020 ## - INTERNATIONAL STANDARD BOOK NUMBER | |
| International Standard Book Number | 9787303182602 |
| 041 ## - LANGUAGE CODE | |
| Language code of text/sound track or separate title | chi |
| Language code of original | eng |
| 050 ## - LIBRARY OF CONGRESS CALL NUMBER | |
| Classification number | BJ1025 |
| Item number | .T4 2015 |
| 100 ## - MAIN ENTRY--PERSONAL NAME | |
| Personal name | Thilly, Frank |
| 245 #0 - TITLE STATEMENT | |
| Title | 伦理学导论: |
| Remainder of title | = Introduction to ethics / |
| Statement of responsibility, etc. | 梯利 (Frank Thilly) 著; 何意译 |
| 246 ## - VARYING FORM OF TITLE | |
| Title proper/short title | 倫理學導論 |
| 260 ## - PUBLICATION, DISTRIBUTION, ETC. | |
| Place of publication, distribution, etc. | 北京: |
| Name of publisher, distributor, etc. | 北京师范大学出版社, |
| Date of publication, distribution, etc. | 2015 |
| 300 ## - PHYSICAL DESCRIPTION | |
| Extent | 274 p. |
| Other physical details | ; |
| Dimensions | 21 cm. |
| 500 ## - GENERAL NOTE | |
| General note | Translation of: Introduction to ethics |
| 650 ## - SUBJECT ADDED ENTRY--TOPICAL TERM | |
| Topical term or geographic name entry element | Ethics. |
| 700 ## - ADDED ENTRY--PERSONAL NAME | |
| Personal name | 何意 |
| 700 ## - ADDED ENTRY--PERSONAL NAME | |
| Personal name | 梯利 |
| Withdrawn status | Lost status | Damaged status | Not for loan | Home library | Current library | Shelving location | Date acquired | Total Checkouts | Full call number | Barcode | Date last seen | Date last checked out | Price effective from | Koha item type |
|---|---|---|---|---|---|---|---|---|---|---|---|---|---|---|
| GETS Theological Seminary Library | GETS Theological Seminary Library | General Stacks | 11/24/2020 | 1 | BJ1025 .T4 2015 | 00018922 | 10/23/2024 | 07/31/2024 | 11/24/2020 | Chinese Book |